Spolupráca s poradenskou firmou pri získaní kapitálu
Mnohé zo slovenských podnikov sú obmedzované problémami a nákladmi súvisiacimi so získaním kapitálu na domácom trhu. Niekoľko rád a odporúčaní poradenskej firmy, ako prekonať problémy so získavaním kapitálu.
Salvato in:
| Autore principale: | |
|---|---|
| Natura: | Capitolo di libro |
| Lingua: | slovacco |
| Soggetti: | |
| Tags: |
Nessun Tag, puoi essere il primo ad aggiungerne!!
|
MARC
| LEADER | 00000naa a2200000 4500 | ||
|---|---|---|---|
| 001 | r020243 | ||
| 005 | 20221213101115.4 | ||
| 041 | 0 | |a slo | |
| 044 | |a SK | ||
| 245 | 1 | 0 | |a Spolupráca s poradenskou firmou pri získaní kapitálu |c Ch. Ashby |
| 520 | |a Mnohé zo slovenských podnikov sú obmedzované problémami a nákladmi súvisiacimi so získaním kapitálu na domácom trhu. Niekoľko rád a odporúčaní poradenskej firmy, ako prekonať problémy so získavaním kapitálu. | ||
| 610 | 2 | 0 | |a obstarávanie kapitálu |
| 610 | 2 | 0 | |a podnik |
| 610 | 2 | 0 | |a kapitál základný |
| 610 | 2 | 0 | |a poradenstvo |
| 610 | 2 | 0 | |a trh vnútorný |
| 610 | 2 | 0 | |a projekty |
| 610 | 2 | 0 | |a úver |
| 610 | 2 | 0 | |a investície |
| 610 | 2 | 0 | |a Slovensko |
| 100 | 1 | |a Ashby, Ch. | |